Accounting & management : Field study perspectives

The book consists of thirteen essays, by leading scholars, on the actual needs and applications of accounting information in modern businesses. It examines how companies such as Weyerhaeuser, Johnson and Johnson, and Hewlett-Packard have designed new control systems and provided new directions for m...

Deskribapen osoa

Gorde:
Xehetasun bibliografikoak
Formatua: Liburua
Hizkuntza:Undetermined
Argitaratua: Boston, Mass. Harvard Business School Press 1987
Gaiak:
Etiketak: Etiketa erantsi
Etiketarik gabe, Izan zaitez lehena erregistro honi etiketa jartzen!
Thư viện lưu trữ: Trung tâm Học liệu Trường Đại học Cần Thơ
LEADER 00973nam a2200205Ia 4500
001 CTU_186573
008 210402s9999 xx 000 0 und d
082 |a 658.4038 
082 |b A172 
245 0 |a Accounting & management : 
245 0 |b Field study perspectives 
245 0 |c Edited by William J. Bruns, Jr., Robert S. Kaplan 
260 |a Boston, Mass. 
260 |b Harvard Business School Press 
260 |c 1987 
520 |a The book consists of thirteen essays, by leading scholars, on the actual needs and applications of accounting information in modern businesses. It examines how companies such as Weyerhaeuser, Johnson and Johnson, and Hewlett-Packard have designed new control systems and provided new directions for measuring product costs and managerial performance. 
650 |a Managerial accounting,Kế toán quản trị 
650 |x Congresses,Hội thảo 
910 |a Hải 
980 |a Trung tâm Học liệu Trường Đại học Cần Thơ